[Event "94th FRA-ch 2019"]
[Site "Chartres"]
[Date "2019.08.24"]
[Round "8.5"]
[White "Maze, Sebastien"]
[Black "Feller, Sebastien"]
[Result "1/2-1/2"]
[WhiteElo "2554"]
[BlackElo "2577"]
[Annotator "ChessBase"]
[PlyCount "74"]
[EventDate "2019.08.17"]
[EventType "tourn"]
[EventCountry "FRA"]
[SourceTitle "playchess.com"]
[Source "ChessBase"]
[SourceQuality "1"]
[TimeControl "40/5400+30:1800+30"]

1. e4 {[%emt 0:00:00]} c5 {[%emt 0:05:07]} 2. Nc3 {[%emt 0:00:00]} Nc6 {[%emt 0:00:22]} 3. Nf3 {[%emt 0:00:00]} e5 {[%emt 0:00:05]} 4. Bc4 {[%emt 0:00:43]} g6 {[%emt 0:01:10]} 5. a3 {[%emt 0:03:22]} Bg7 {[%emt 0:06:30]} 6. d3 {[%emt 0:01:46]} h6 {[%emt 0:00:23]} 7. Nd2 {[%emt 0:06:45]} d6 {[%emt 0:06:04]} 8. Nf1 {[%emt 0:00:16]} Nge7 {[%emt 0:02:50]} 9. Ne3 {[%emt 0:00:27]} O-O {[%emt 0:03:36]} 10. b4 {[%emt 0:09:30]} Kh7 {[%emt 0:13:54]} 11. b5 {[%emt 0:04:08]} Nd4 {[%emt 0:01:39]} 12. Ncd5 {[%emt 0:01:41]} f5 {[%emt 0:13:56]} 13. c3 {[%emt 0:04:21]} Ne6 {[%emt 0:04:27]} 14. Ra2 {[%emt 0:15:09]} Nc7 {[%emt 0:06:55]} 15. Nxc7 {[%emt 0:02:55]} Qxc7 {[%emt 0:00:05]} 16. f3 {[%emt 0:02:08]} Bd7 {[%emt 0:07:27]} 17. Qb3 {[%emt 0:01:20]} a6 {[%emt 0:03:50]} 18. b6 {[%emt 0:05:21]} Qd8 {[%emt 0:00:16]} 19. a4 {[%emt 0:00:03]} Bc6 {[%emt 0:07:35]} 20. a5 {[%emt 0:01:28]} Qd7 {[%emt 0:01:58]} 21. Be6 {[%emt 0:01:35]} Qe8 {[%emt 0:00:18]} 22. O-O {[%emt 0:04:04]} Rd8 {[%emt 0:00:56]} 23. Re1 {[%emt 0:05:52]} Bd7 {[%emt 0:03:52]} 24. Bc4 {[%emt 0:04:11]} Bc6 {[%emt 0:00:01]} 25. Bd2 {[%emt 0:01:41]} f4 {[%emt 0:01:34]} 26. Nd5 {[%emt 0:01:18]} Bxd5 {[%emt 0:00:02]} 27. exd5 {[%emt 0:03:40]} Qf7 {[%emt 0:03:10]} 28. Qd1 {[%emt 0:06:56]} Nf5 {[%emt 0:00:08]} 29. Qe2 {[%emt 0:00:04]} h5 {[%emt 0:00:38]} 30. Qe4 {[%emt 0:00:14]} Rde8 {[%emt 0:01:25]} 31. Bc1 {[%emt 0:00:42]} Bh6 {[%emt 0:00:49]} 32. Rae2 {[%emt 0:01:12]} Ne3 {[%emt 0:01:08]} 33. Bb3 {[%emt 0:04:44]} Qf6 {[%emt 0:01:45]} 34. Bxe3 {[%emt 0:04:18]} fxe3 {[%emt 0:01:30]} 35. Rf1 {[%emt 0:00:06]} Qg7 {[%emt 0:00:54]} 36. g3 {[%emt 0:00:11]} Re7 {[%emt 0:00:53]} 37. Bc2 {[%emt 0:00:51]} Rf6 {[%emt 0:00:28]} 1/2-1/2

[Event "94th FRA-ch 2019"]
[Site "Chartres"]
[Date "2019.08.25"]
[Round "9.1"]
[White "Feller, Sebastien"]
[Black "Cornette, Matthieu"]
[Result "1/2-1/2"]
[WhiteElo "2577"]
[BlackElo "2555"]
[Annotator "ChessBase"]
[PlyCount "57"]
[EventDate "2019.08.17"]
[EventType "tourn"]
[EventCountry "FRA"]
[SourceTitle "playchess.com"]
[Source "ChessBase"]
[SourceQuality "1"]
[TimeControl "40/5400+30:1800+30"]

1. d4 {[%emt 0:06:13]} Nf6 {[%emt 0:00:00]} 2. c4 {[%emt 0:00:05]} e6 {[%emt 0:00:00]} 3. Nf3 {[%emt 0:00:34]} d5 {[%emt 0:00:45]} 4. Nc3 {[%emt 0:03:41]} dxc4 {[%emt 0:01:08]} 5. e4 {[%emt 0:01:50]} Bb4 {[%emt 0:00:07]} 6. Bg5 {[%emt 0:06:52]} c5 {[%emt 0:00:46]} 7. e5 {[%emt 0:00:55]} cxd4 {[%emt 0:01:57]} 8. Qa4+ {[%emt 0:00:52]} Nc6 {[%emt 0:00:08]} 9. O-O-O {[%emt 0:00:36]} Bd7 {[%emt 0:02:59]} 10. Ne4 {[%emt 0:02:13]} Be7 {[%emt 0:00:26]} 11. exf6 {[%emt 0:00:27]} gxf6 {[%emt 0:00:05]} 12. Bh4 {[%emt 0:01:33]} Rc8 {[%emt 0:09:12]} 13. Kb1 {[%emt 0:04:37]} Na5 {[%emt 0:02:58]} 14. Qc2 {[%emt 0:01:11]} e5 {[%emt 0:00:28]} 15. Nxd4 {[%emt 0:01:24]} exd4 {[%emt 0:00:08]} 16. Rxd4 {[%emt 0:00:14]} Qb6 {[%emt 0:07:54]} 17. Rxd7 {[%emt 0:09:41]} Kxd7 {[%emt 0:00:49]} 18. Be2 {[%emt 0:00:39]} Ke8 {[%emt 0:11:54]} 19. Bg4 {[%emt 0:00:41]} Rd8 {[%emt 0:05:47]} 20. Qc3 {[%emt 0:02:03]} Rd3 {[%emt 0:03:21]} 21. Nxf6+ {[%emt 0:01:40]} Bxf6 {[%emt 0:00:08]} 22. Qxf6 {[%emt 0:00:11]} Qxf6 {[%emt 0:00:12]} 23. Bxf6 {[%emt 0:00:06]} Rg8 {[%emt 0:00:11]} 24. Re1+ {[%emt 0:00:57]} Kf8 {[%emt 0:00:06]} 25. Be7+ {[%emt 0:00:07]} Kg7 {[%emt 0:00:22]} 26. Re5 {[%emt 0:00:34]} Re8 {[%emt 0:06:17]} 27. Rg5+ {[%emt 0:01:24]} Kh6 {[%emt 0:00:07]} 28. Rh5+ {[%emt 0:00:07]} Kg6 {[%emt 0:02:50]} 29. Rg5+ {[%emt 0:53:03] Kg7} 1/2-1/2

[Event "94th FRA-ch 2019"]
[Site "Chartres"]
[Date "2019.08.25"]
[Round "9.2"]
[White "Fressinet, Laurent"]
[Black "Maze, Sebastien"]
[Result "1-0"]
[WhiteElo "2625"]
[BlackElo "2554"]
[Annotator "TA"]
[PlyCount "89"]
[EventDate "2019.08.17"]
[EventType "tourn"]
[EventCountry "FRA"]
[SourceTitle "playchess.com"]
[Source "ChessBase"]
[SourceQuality "1"]

{[%evp 9,89,7,2,0,20,12,16,13,8,0,42,19,58,44,45,34,38,0,0,0,0,0,0,0,0,0,39,41,40,10,7,22,54,54,66,51,63,53,87,90,169,64,83,80,57,9,193,196,194,190,175,122,121,99,107,59,147,123,145,133,144,144,144,144,144,144,144,144,151,151,152,152,505,497,497,478,478,478,435,433,540,462]} 1. d4 Nf6 2. Nf3 g6 3. Nbd2 c5 (3... Bg7 4. e4 d6 5. Bb5+ c6 6. Bd3 O-O 7. O-O c5 8. d5 e6 9. c4 Re8 10. Rb1 Na6 11. a3 exd5 12. exd5 Nc7 13. b3 b5 14. Qc2 Rb8 15. Bb2 Bd7 16. Bc3 Na8 17. Rfe1 Nb6 18. Rxe8+ Bxe8 19. Qc1 {½-½ (19) Dubov,D (2703)-Svidler,P (2737) St Petersburg 2018}) 4. dxc5 Qa5 5. e4 Bg7 6. Nd4 {A48: 1 d4 Nf6 2 Nf3 g6: Torre, London and Colle Systems} Nxe4 $146 ({Predecessor:} 6... Qxc5 7. N2b3 Qe5 8. Bd3 Nc6 9. f4 Qb8 10. e5 Nd5 11. Be4 {½-½ (40) Iglesias,J (2258)-Marcelin,C (2472) Chartres 2017}) 7. N4b3 Qa4 8. Bd3 {The position is equal.} Nxd2 9. Qxd2 Nc6 10. O-O O-O 11. Re1 Qh4 12. c3 a5 13. Qg5 Qxg5 14. Bxg5 a4 15. Nd4 $1 Nxd4 16. cxd4 e6 17. Be3 Rd8 18. b4 $36 {[%cal Bb2b4,Bb4b5,Bb5b6][%mdl 2080] White has good play.} d6 19. Bg5 f6 20. Be3 Bd7 21. b5 Bf8 22. Rac1 Be8 {next ...dxc5 is good for Black.} 23. Bc4 Bf7 24. b6 Rac8 (24... Rdb8 $16 {is a better defense.}) 25. Bb5 (25. Ba6 $1 $18 {[%cal Ra6b7]} dxc5 26. Bxb7) 25... Be8 $1 $14 {[%cal Re8b5]} 26. Bxe8 Rxe8 27. Rc4 (27. c6 $5 Rxc6 28. Rxc6 bxc6 29. Rc1 $14) 27... Red8 $2 {[#]} (27... e5 $1 $11 {and Black is okay.}) 28. Rec1 $1 $18 dxc5 29. dxc5 a3 30. Kf1 (30. c6 $18) 30... Rc6 $16 31. Ra4 f5 32. Ke2 Rd5 ({Black should play} 32... e5 $14) 33. Rxa3 {And now Ra8 would win.} f4 34. Bxf4 {Threatens to win with Ra8.} Rdxc5 35. Rxc5 Bxc5 {[#]} 36. Rc3 $1 {Be3 is the strong threat.} Bxb6 37. Rxc6 bxc6 {[%mdl 4096] Endgame KB-KB} 38. a4 {[%cal Ba2a4,Ba4a5][%mdl 32]} Kf7 39. Bd2 Ke7 40. a5 Ba7 $2 (40... Bc5 $16 {is more resistant.}) 41. Be3 $18 {White is clearly winning.} c5 42. Kd3 Kd6 43. Kc4 Kc6 {and the idea ...Bb8 leaves Black hopeful.} 44. h3 h5 45. f3 {Accuracy: White = 60%, Black = 50%.} 1-0

[Event "94th FRA-ch 2019"]
[Site "Chartres"]
[Date "2019.08.25"]
[Round "9.3"]
[White "Lagarde, Maxime"]
[Black "Gozzoli, Yannick"]
[Result "1-0"]
[WhiteElo "2626"]
[BlackElo "2614"]
[Annotator "TA"]
[PlyCount "35"]
[EventDate "2019.08.17"]
[EventType "tourn"]
[EventCountry "FRA"]
[SourceTitle "playchess.com"]
[Source "ChessBase"]
[SourceQuality "1"]

{[%evp 14,35,40,37,41,39,45,36,48,17,24,25,16,0,0,0,0,0,325,319,383,373,356,245]} 1. c4 e5 2. g3 Nf6 3. Bg2 Bc5 4. Nc3 c6 5. Nf3 d6 6. O-O O-O 7. d4 exd4 8. Nxd4 Re8 {A23: English Opening: 1...e5 2 Nc3 Nf6 3 g3 c6} 9. b3 (9. Bf4 Nh5 10. Be3 Bb6 11. Qd2 Na6 12. Rfd1 Nf6 13. Nc2 Bf5 14. Bxb6 Qxb6 15. Ne3 Bg6 16. Na4 {1-0 (43) Saric,A (2505)-Kurajica,B (2540) Zadar 2008}) 9... Nbd7 $146 ({Predecessor:} 9... Bg4 10. h3 Be6 11. Bb2 Nbd7 12. Qd2 Nf8 13. Rad1 Qd7 14. Nxe6 Qxe6 15. e3 Rad8 16. Na4 {1-0 (26) Cvetkovic,S (2249)-Popa Matei,V (2056) Arad 2017}) 10. Bb2 Ne5 {White is slightly better.} 11. h3 a6 12. e3 Bd7 13. g4 h6 14. Nf5 Nfxg4 15. hxg4 {[#] Ne4 is the strong threat.} h5 $2 {[%mdl 8192]} (15... Bxf5 $1 $11 {and Black has nothing to worry.} 16. gxf5 Qh4) 16. Ne4 $18 {[%cal Bc3e4,Be4c5,Bc5b7][%mdl 32]} (16. Nxd6 Bxg4 17. Nxb7 Qh4 $17) 16... Nxg4 17. Nxc5 Bxf5 18. Nxb7 {[%mdl 64] Double Attack} 1-0

[Event "94th FRA-ch 2019"]
[Site "Chartres"]
[Date "2019.08.25"]
[Round "9.4"]
[White "Moussard, Jules"]
[Black "Favarel, Julien"]
[Result "1-0"]
[WhiteElo "2595"]
[BlackElo "2333"]
[Annotator "ChessBase"]
[PlyCount "131"]
[EventDate "2019.08.17"]
[EventType "tourn"]
[EventCountry "FRA"]
[SourceTitle "playchess.com"]
[Source "ChessBase"]
[SourceQuality "1"]
[TimeControl "40/5400+30:1800+30"]

1. e4 {[%emt 0:00:00]} e5 {[%emt 0:00:00]} 2. Nf3 {[%emt 0:00:00]} Nc6 {[%emt 0:00:00]} 3. Bb5 {[%emt 0:00:39]} Nf6 {[%emt 0:00:37]} 4. O-O {[%emt 0:00:50]} Nxe4 {[%emt 0:00:15]} 5. d4 {[%emt 0:00:05]} Nd6 {[%emt 0:00:36]} 6. dxe5 {[%emt 0:00:32]} Nxb5 {[%emt 0:00:18]} 7. a4 {[%emt 0:00:04]} Nbd4 {[%emt 0:00:29]} 8. Nxd4 {[%emt 0:00:06]} Nxd4 {[%emt 0:00:06]} 9. Qxd4 {[%emt 0:00:04]} d5 {[%emt 0:00:46]} 10. Qd3 {[%emt 0:00:13]} Be7 {[%emt 0:04:37]} 11. Qg3 {[%emt 0:00:31]} g6 {[%emt 0:03:14]} 12. Bh6 {[%emt 0:02:32]} Bf5 {[%emt 0:08:44]} 13. Nd2 {[%emt 0:02:38]} Qd7 {[%emt 0:05:32]} 14. c3 {[%emt 0:02:28]} O-O-O {[%emt 0:03:06]} 15. Nb3 {[%emt 0:16:01]} g5 {[%emt 0:19:34]} 16. f4 {[%emt 0:06:19]} gxf4 {[%emt 0:04:40]} 17. Qxf4 {[%emt 0:01:58]} Be4 {[%emt 0:05:14]} 18. Nd2 {[%emt 0:01:08]} Bg6 {[%emt 0:02:01]} 19. Bg7 {[%emt 0:07:41]} Rhg8 {[%emt 0:01:41]} 20. Bf6 {[%emt 0:00:17]} Bxf6 {[%emt 0:04:05]} 21. exf6 {[%emt 0:00:40]} d4 {[%emt 0:03:21]} 22. Nf3 {[%emt 0:00:39]} dxc3 {[%emt 0:06:38]} 23. bxc3 {[%emt 0:00:04]} Qf5 {[%emt 0:09:56]} 24. Qe3 {[%emt 0:01:12]} Qxf6 {[%emt 0:00:34]} 25. Qxa7 {[%emt 0:00:30]} Qb6+ {[%emt 0:00:13]} 26. Qxb6 {[%emt 0:00:03]} cxb6 {[%emt 0:00:05]} 27. Nd4 {[%emt 0:01:00]} Rge8 {[%emt 0:02:48]} 28. Rf6 {[%emt 0:00:53]} Re3 {[%emt 0:00:38]} 29. Rc1 {[%emt 0:00:09]} Kc7 {[%emt 0:01:12]} 30. Rd1 {[%emt 0:03:07]} Kc8 {[%emt 0:02:52]} 31. Rc1 {[%emt 0:00:02]} Kc7 {[%emt 0:00:05]} 32. Kf2 {[%emt 0:00:03]} Rde8 {[%emt 0:01:21]} 33. h4 {[%emt 0:10:14]} h5 {[%emt 0:02:24]} 34. Rd1 {[%emt 0:02:49]} Kb8 {[%emt 0:02:35]} 35. Rf3 {[%emt 0:00:20]} R3e4 {[%emt 0:02:25]} 36. g3 {[%emt 0:00:09]} R4e5 {[%emt 0:00:55]} 37. Rd2 {[%emt 0:00:35]} Rd5 {[%emt 0:03:19]} 38. Rb2 {[%emt 0:00:56]} Rd6 {[%emt 0:00:26]} 39. Re3 {[%emt 0:01:05]} Rxe3 {[%emt 0:00:50]} 40. Kxe3 {[%emt 0:00:01]} Kc8 {[%emt 0:01:01]} 41. Rb5 {[%emt 0:32:14]} Rd8 {[%emt 0:08:53]} 42. Rxb6 {[%emt 0:00:00]} Re8+ {[%emt 0:00:14]} 43. Kf2 {[%emt 0:00:00]} Kc7 {[%emt 0:01:58]} 44. Rb4 {[%emt 0:00:00]} Ra8 {[%emt 0:02:58]} 45. Ke3 {[%emt 0:00:00]} Re8+ {[%emt 0:01:04]} 46. Kd2 {[%emt 0:00:00]} Rd8 {[%emt 0:01:47]} 47. Rb5 {[%emt 0:00:00]} b6 {[%emt 0:00:36]} 48. a5 {[%emt 0:00:00]} bxa5 {[%emt 0:00:23]} 49. Rxa5 {[%emt 0:00:00]} Rb8 {[%emt 0:00:31]} 50. c4 {[%emt 0:00:00]} Rg8 {[%emt 0:02:41]} 51. Ne2 {[%emt 0:00:00]} Rd8+ {[%emt 0:01:16]} 52. Ke3 {[%emt 0:00:00]} Re8+ {[%emt 0:00:42]} 53. Kf3 {[%emt 0:00:00]} Re4 {[%emt 0:00:37]} 54. Ra4 {[%emt 0:00:00]} Kd7 {[%emt 0:03:04]} 55. Ra7+ {[%emt 0:00:00]} Ke8 {[%emt 0:00:57]} 56. Rc7 {[%emt 0:00:00]} Kd8 {[%emt 0:01:05]} 57. Rc5 {[%emt 0:00:00]} Ke7 {[%emt 0:00:23]} 58. Nf4 {[%emt 0:00:00]} Rd4 {[%emt 0:00:18]} 59. Ne2 {[%emt 0:01:05]} Re4 {[%emt 0:02:01]} 60. Nc3 {[%emt 0:00:13]} Rd4 {[%emt 0:00:11]} 61. Nb5 {[%emt 0:00:14]} Rd1 {[%emt 0:00:52]} 62. Ke3 {[%emt 0:03:54]} Rc1 {[%emt 0:03:37]} 63. Nd4 {[%emt 0:00:23]} Rc3+ {[%emt 0:02:31]} 64. Kf4 {[%emt 0:00:03]} Bd3 {[%emt 0:00:36]} 65. Re5+ {[%emt 0:00:27]} Kd6 {[%emt 0:01:14]} 66. Nb5+ {[%emt 0:00:06]} 1-0

[Event "94th FRA-ch 2019"]
[Site "Chartres"]
[Date "2019.08.25"]
[Round "9.5"]
[White "Gharamian, Tigran"]
[Black "Edouard, Romain"]
[Result "1/2-1/2"]
[WhiteElo "2586"]
[BlackElo "2650"]
[Annotator "TA"]
[PlyCount "33"]
[EventDate "2019.08.17"]
[EventType "tourn"]
[EventCountry "FRA"]
[SourceTitle "playchess.com"]
[Source "ChessBase"]
[SourceQuality "1"]

{[%evp 12,33,20,18,27,33,26,23,37,28,25,24,27,9,8,14,6,14,15,6,2,0,44,-16]} 1. d4 d5 2. Nf3 Nf6 3. c4 dxc4 4. e3 e6 5. Bxc4 c5 6. O-O a6 7. b3 b6 {D27: Queen's Gambit Accepted: Classical main line: 7 e4!? and 7 a4} 8. Ba3 (8. dxc5 Qxd1 9. Rxd1 Bxc5 10. Bb2 Nbd7 11. Nbd2 Bb7 12. Be2 O-O 13. Nc4 Rfd8 14. Ne1 Bd5 15. Rac1 Rac8 16. Nd3 Be7 17. Nce5 Bb7 18. Nc4 Bd5 19. Nd2 Bb7 20. Kf1 h6 21. Bf3 {1-0 (51) Carlsen,M (2835)-Mamedyarov,S (2817) Wijk aan Zee 2019}) 8... cxd4 $146 ({Predecessor:} 8... Nbd7 9. d5 exd5 10. Bxd5 Nxd5 11. Qxd5 Ra7 12. Bb2 Nf6 13. Qxd8+ Kxd8 14. Rd1+ Ke7 15. Nbd2 {1-0 (65) Adhiban,B (2695)-Yakubboev,N (2556) Makati 2018}) 9. Bxf8 Kxf8 {White has an edge.} 10. Nxd4 Qe7 $1 11. Be2 Bb7 12. Bf3 g6 13. Nd2 Kg7 14. Nc4 b5 15. Na5 Bxf3 16. Qxf3 ({Much worse is} 16. gxf3 e5 $15) 16... Nd5 17. a3 (17. Rfc1 $14) 1/2-1/2

[Event "94th FRA-ch 2019"]
[Site "Chartres"]
[Date "2019.08.25"]
[Round "10.1"]
[White "Lagarde, Maxime"]
[Black "Fressinet, Laurent"]
[Result "0-1"]
[WhiteElo "2626"]
[BlackElo "2625"]
[Annotator "TA"]
[PlyCount "122"]
[EventDate "2019.08.17"]
[EventType "tourn"]
[EventCountry "FRA"]
[SourceTitle "playchess.com"]
[Source "ChessBase"]
[SourceQuality "1"]

{[%evp 9,122,-12,9,1,5,4,8,9,7,12,19,19,34,3,7,5,28,16,22,10,17,-20,-18,-30,-23,-34,-39,-46,-45,-66,-21,-48,-47,-29,-28,-73,-73,-65,-64,-94,-56,-62,-45,-42,-44,-35,-19,-45,-24,-73,-73,-158,-5,-113,-123,-125,-114,-54,-82,-101,-101,-56,0,0,0,0,0,-33,-8,-128,-3,-3,0,-8,0,-421,-402,-442,-427,-456,-453,-453,-418,-418,-404,-370,-310,-295,-289,-322,-333,-366,-366,-362,-356,-322,-272,-4137,-4133,-4133,-4133,-4133,-417,-543,-521,-452,-451,-4133,-4133,-29982,-29983,-29984,-29984,-29984,-29985]} 1. b3 g6 2. Bb2 Nf6 3. Nf3 Bg7 4. g3 c5 5. Bg2 d6 6. c4 {A05: Réti Opening: 1 Nf3 Nf6} e5 7. Nc3 (7. O-O O-O 8. Nc3 Nc6 9. d3 Rb8 10. Nd2 a6 11. a3 Bg4 12. h3 Bd7 13. b4 cxb4 14. axb4 Nxb4 15. Ba3 a5 16. Rb1 b5 17. Nxb5 d5 {½-½ (30) Artemiev,V (2691)-Grischuk,A (2772) Huaian 2017}) 7... Nc6 8. d3 {The position is equal.} O-O 9. Nd2 Be6 10. Nde4 Ne8 11. Nd5 f5 12. Nec3 Nf6 13. Qd2 $146 ({Predecessor:} 13. a3) 13... Qd7 14. e3 Ne7 15. f4 Bxd5 16. cxd5 exf4 17. exf4 b5 18. O-O Rae8 $36 {[%mdl 2048] Black is pushing.} 19. d4 b4 20. Na4 c4 {And now ...c3 would win.} 21. Qxb4 cxb3 22. axb3 Nexd5 23. Qc4 Qf7 24. Rfe1 Ne4 25. Rac1 Re7 26. Ba3 Rc7 27. Qd3 Rxc1 28. Rxc1 Ndf6 29. d5 a5 {...Qa7+ is the strong threat.} ({Of course not} 29... Nxd5 $6 30. Bxe4 fxe4 31. Qxe4 $11) 30. Nb6 (30. Bxe4 $142 fxe4 31. Qb5) 30... Rb8 $2 (30... Qa7 $1 $17 {[%cal Ra7b6]} 31. Rc6 a4 $1 {[%mdl 512]} 32. bxa4 Rb8) 31. Rc8+ (31. Rc6 $1 $11) 31... Rxc8 $17 32. Nxc8 {[#]} Qb7 $1 {[%cal Rb7c8]} 33. Qc4 (33. Bxe4 $17 Nxe4 34. Qc4) 33... h5 34. Bxe4 Nxe4 35. Kg2 Nd2 (35... Qb8 $15) 36. Qd3 $11 Qxb3 37. Qxb3 Nxb3 38. Bxd6 {[%mdl 4096] Endgame KBN-KBN} Bf8 39. Be5 (39. Bxf8 $1 $11 {was the only way to keep the balance.} Kxf8 40. Nb6) 39... Nc5 ({Black should play} 39... a4 $17 40. d6 Nc5) 40. Nb6 $1 Kf7 41. Kf3 a4 {Strongly threatening ...a3.} 42. d6 $2 {[%mdl 8192]} (42. Bb2 $11 {and White is okay.}) 42... a3 $19 43. d7 Be7 44. Bd4 {Hoping for Bxc5.} Nb3 45. Bc3 a2 46. Nc4 Ke6 47. Ne5 a1=Q 48. Bxa1 Nxa1 49. Nxg6 Kxd7 50. h3 Nc2 51. g4 Nd4+ 52. Ke3 Bf6 ({Weaker is} 52... fxg4 53. hxg4 Bf6 54. gxh5 $11) 53. gxh5 $2 (53. gxf5 Nxf5+ 54. Ke4) 53... Ke8 54. Kd3 Kf7 55. Kc4 Kg7 (55... Ne2 $142 56. Ne5+ Bxe5 57. fxe5 Nf4) 56. Kd5 Kh6 57. Ne5 Ne2 {Threatens to win with ...Bxe5.} 58. Ke6 {[#]} (58. Nd3 $142 Bc3 59. Ke6) 58... Bxe5 $1 59. fxe5 f4 {Black mates.} 60. Kd6 f3 61. e6 Nd4 {Accuracy: White = 40%, Black = 57%.} 0-1

[Event "94th FRA-ch 2019"]
[Site "Chartres"]
[Date "2019.08.25"]
[Round "11.1"]
[White "Fressinet, Laurent"]
[Black "Lagarde, Maxime"]
[Result "0-1"]
[WhiteElo "2625"]
[BlackElo "2626"]
[Annotator "TA"]
[PlyCount "64"]
[EventDate "2019.08.17"]
[EventType "tourn"]
[EventCountry "FRA"]
[SourceTitle "playchess.com"]
[Source "ChessBase"]
[SourceQuality "1"]

{[%evp 9,96,33,49,45,33,-14,-9,-30,1,1,7,3,0,0,22,23,28,7,19,0,1,12,21,35,31,22,13,-41,-57,-61,-58,-60,-39,-141,-83,-97,-99,-122,-106,-206,-148,-243,-250,-233,-233,-270,-270,-203,-82,-237,-187,-29981,-29982,-29988,-29989,-29989,-1663,-1498,-1514,-1519,-1485,-1502,-1417,-2042,-720,-1377,-1259,-29958,-29962,-29980,-29980,-29982,-1573,-29983,-1400,-3669,-2855,-2681,-2628,-3498,-3181,-29989,-1632,-29994,-2815,-29992,-29975,-29987,-29988]} 1. d4 f5 2. c4 Nf6 3. Nc3 d6 4. Bg5 Nbd7 5. e3 h6 6. Bh4 {A85: Dutch Defence: 2 c4 Nf6 3 Nc3} e5 {White should prevent ...g5.} 7. f4 $146 ({Predecessor:} 7. h3 g5 8. Bg3 Qe7 9. Nge2 f4 10. Bh2 c6 11. Qc2 Qh7 12. Qxh7 Rxh7 {1-0 (35) Turov,M (2634)-Minasian,A (2465) Jermuk 2011}) 7... Be7 8. Nf3 {[%cal Rd4e5] The position is equal.} e4 9. Nd2 c6 10. Be2 O-O 11. O-O Kh8 12. b4 Rg8 13. Qe1 Nf8 14. Rd1 d5 15. b5 g5 16. Bg3 Ng6 17. bxc6 bxc6 18. Nb3 (18. fxg5 $11 hxg5 19. Rb1) 18... gxf4 $15 19. Bxf4 Nxf4 20. Rxf4 Rb8 21. c5 ({Better is} 21. Kh1 $15) 21... Rg5 (21... Nh7 $142 22. Qd2 Bg5) 22. Rb1 Qg8 23. Bf1 Bd8 24. Ne2 (24. Rh4 $17 {was worth a try.}) 24... Ba6 25. Rh4 (25. Ng3 $17 Bxf1 26. Qxf1) 25... Bxe2 $1 $19 26. Qxe2 Qg7 27. Nd2 Rxb1 28. Nxb1 Bc7 (28... Ng4 $1 $19 {and Black stays clearly on top. Strongly threatening ...f4!} 29. h3 Nf6) 29. Qa6 $2 {[#]} (29. Na3 $17) 29... f4 $1 {[%mdl 512]} 30. Qxc6 $2 (30. exf4 $19 Ng4 31. Kh1 (31. Qc8+ $2 Kh7 $19) 31... Bxf4 32. Qc8+ Kh7 33. Rxg4 Rxg4 34. Qf5+ Qg6 35. Qd7+ Kh8 36. Qc8+ Qg8 37. Qxc6) 30... f3 31. g3 {[#]} Rxg3+ $1 {[%mdl 512]} 32. Kf2 {[#]} (32. hxg3 Qxg3+) 32... Rg1 {Played: Rg3-g2} 0-1